01839nam a2200469 i 450000100060000000300020000600500170000800600190002500700150004400800410005902000180010002000280011803500230014603500240016903500250019303500220021804000310024005000260027108000110029708200150030824501310032326400780045430000410053233600310057333700330060433800430063749000550068050400430073558801240077859001590090265000240106165000150108565000170110065000260111765500270114370000340117079700190120483000560122385600620127994200110134199900170135274638020241217151137.0m o d | cr cnu||||||||170612s2016 sp ob 000 0 spa d z9788490484647 a9788490484654q(e book) a(MiAaPQ)EBC4849768 a(Au-PeEL)EBL4849768 a(CaPaEBR)ebr11379300 a(OCoLC)1005790204 aFINmELBbspaerdacFINmELB 4aHD9502.A2bM7448 2016 a620.910 a333.7922300aMonitorización, modelización y simulación del consumo energético en el ferrocarril /cRicardo Insa Franco [y otros 6]. 1aValencia :bEditorial de la Universidad Politécnica de Valencia,c2016. a1 recurso en línea (148 páginas) atextobtxt2rdacontent/spa acomputadorabc2rdamedia/spa arecurso en líneabcr2rdacarrier/spa1 aColección UPV Scientia. Serie Ingeniería Civil aContiene referencias bibliográficas. aDescripción basada en recurso en línea; Título de la página del título en PDF (e-libro, visto June 12, 2017). aRecurso electronico. Santa Fe, Arg. : e-libro, 2016. Disponible via World Wide Web. El acceso puede ser limitado para las bibliotecas afiliadas a e-libro. 0aEnergy consumption. 0aRailroads. 4aFerrocarril. 4aConsumo de energía. 4aLibros electrónicos.1 aInsa Franco, Ricardo,eautor.2 ae-libro, Corp. 0aColección UPV Scientia. Serie Ingeniería Civil.40uhttps://elibro.net/ereader/politecnicointernacional/57418 cLIBROS c74638d74638